000
00277nam a2200109Ia 4500
005
20251222154355.0
008
251222s9999||||xx |||||||||||||| ||spa||
082
_a
323.498.5/C79C
245
0
_a
Informe Final:
264
_b
Comisión de la Verdad y Reconciliación
942
_c
LIB
999
_c
35067
_d
35067